Statistieken voor 5 willekeurige landen op de wereldkaart in 25 seconden

Klik hier om de quiz te nemen!

Algemene statistieken

  • Deze quiz is 260 keer genomen
  • De gemiddelde score is 4 van 5

Antwoorden op de kaart

Antwoorden kleurgecodeerd door een groen-rode schaal op de quizkaart volgens % correct hieronder.
 

Antwoordstatistieken

land% Correct
Algerije
100%
Andorra
100%
Argentinië
100%
Bahama's
100%
Barbados
100%
Belarus
100%
België
100%
Belize
100%
Benin
100%
Bolivia
100%
Brazilië
100%
Burundi
100%
Congo
100%
Cyprus
100%
Duitsland
100%
Eritrea
100%
Estland
100%
Ethiopië
100%
Filipijnen
100%
Gabon
100%
Gambia
100%
Guatemala
100%
Guinee
100%
Guyana
100%
Haïti
100%
Ierland
100%
IJsland
100%
India
100%
Indonesië
100%
Irak
100%
Israël
100%
Italië
100%
Japan
100%
Kazachstan
100%
Kosovo
100%
Letland
100%
Libanon
100%
Liberia
100%
Libië
100%
Luxemburg
100%
Malawi
100%
Maleisië
100%
Mali
100%
Marshalleilanden
100%
Mongolië
100%
Mozambique
100%
Nicaragua
100%
Noord-Korea
100%
Oman
100%
Roemenië
100%
Rusland
100%
Saint Kitts en Nevis
100%
Saint Lucia
100%
San Marino
100%
Singapore
100%
Slovenië
100%
Somalië
100%
Spanje
100%
Syrië
100%
Taiwan
100%
Tanzania
100%
Tsjaad
100%
Turkije
100%
Vietnam
100%
Zuid-Korea
100%
Zwitserland
100%
Verenigd Koninkrijk
80%
Sri Lanka
67%
Bosnië en Herzegovina
50%
Guinee-Bissau
50%
Senegal
50%
Sierra Leone
33%
Afghanistan
0%
Albanië
0%
Angola
0%
Antigua en Barbuda
0%
Armenië
0%
Australië
0%
Azerbeidzjan
0%
Bahrein
0%
Bangladesh
0%
Bhutan
0%
Botswana
0%
Brunei
0%
Bulgarije
0%
Burkina Faso
0%
Cabo Verde
0%
Cambodja
0%
Canada
0%
Centraal-Afrikaanse Republiek
0%
Chili
0%
China
0%
Colombia
0%
Comoren
0%
Costa Rica
0%
Côte d'Ivoire
0%
Cuba
0%
Dem Rep Congo
0%
Denemarken
0%
Djibouti
0%
Dominica
0%
Dominicaanse Republiek
0%
Ecuador
0%
Egypte
0%
El Salvador
0%
Equatoriaal-Guinea
0%
Eswatini
0%
Fiji
0%
Finland
0%
Frankrijk
0%
Georgië
0%
Ghana
0%
Grenada
0%
Griekenland
0%
Honduras
0%
Hongarije
0%
Iran
0%
Jamaica
0%
Jemen
0%
Jordanië
0%
Kameroen
0%
Kenia
0%
Kirgizië
0%
Kiribati
0%
Koeweit
0%
Kroatië
0%
Laos
0%
Lesotho
0%
Liechtenstein
0%
Litouwen
0%
Madagaskar
0%
Maldiven
0%
Malta
0%
Marokko
0%
Mauritanië
0%
Mauritius
0%
Mexico
0%
Micronesia
0%
Moldavië
0%
Monaco
0%
Montenegro
0%
Myanmar
0%
Namibië
0%
Nauru
0%
Nederland
0%
Nepal
0%
Nieuw-Zeeland
0%
Niger
0%
Nigeria
0%
Noord-Macedonië
0%
Noorwegen
0%
Oeganda
0%
Oekraïne
0%
Oezbekistan
0%
Oostenrijk
0%
Oost Timor
0%
Pakistan
0%
Palau
0%
Panama
0%
Papoea-Nieuw-Guinea
0%
Paraguay
0%
Peru
0%
Polen
0%
Portugal
0%
Qatar
0%
Rwanda
0%
Saint Vincent en
de Grenadines
0%
Salomonseilanden
0%
Samoa
0%
Saoedi-Arabië
0%
Sao Tomé en Principe
0%
Servië
0%
Seychellen
0%
Slowakije
0%
Soedan
0%
Suriname
0%
Tadzjikistan
0%
Thailand
0%
Togo
0%
Tonga
0%
Trinidad en Tobago
0%
Tsjechië
0%
Tunesië
0%
Turkmenistan
0%
Tuvalu
0%
Uruguay
0%
Vanuatu
0%
Vaticaanstad
0%
Venezuela
0%
Verenigde Arabische Emiraten
0%
Verenigde Staten
0%
Zambia
0%
Zimbabwe
0%
Zuid-Afrika
0%
Zuid-Soedan
0%
Zweden
0%

Scoreverdeling

Percentiel versus Aantal Correcte Antwoorden

Procent van Mensen met Elke Score

Uw Scoregeschiedenis

U heeft deze quiz nog niet genomen